| 000 | 00665nam a2200229Ia 4500 | ||
|---|---|---|---|
| 008 | 180523s9999 xx 000 0 und d | ||
| 020 | _a971-584-392-1 | ||
| 050 | _aMAIN RT 81.2 | ||
| 050 | _b.B75 2001 | ||
| 100 | _aBrink, Pamela J. | ||
| 245 | 0 | _aBasic steps in planning nursing research : | |
| 245 | 0 | _bfrom question to proposal / | |
| 245 | 0 | _cPamela J. Brink, Marilyn J. Wood. | |
| 250 | _a5th Edition | ||
| 260 | _aBoston : | ||
| 260 | _bJones and Bartlett Publishers, | ||
| 260 | _c2001 | ||
| 300 | _a408 pages : | ||
| 300 | _c22 cm. | ||
| 500 | _aIncludes bibliographical references and index. | ||
| 650 | _aNursing -- Research -- Planning. | ||
| 999 |
_c357677 _d357677 |
||